LEADER 01544nam0 22003371i 450 001 UON00450035 005 20231205105037.460 100 $a20150130d1997 |0itac50 ba 101 $afre$aGER$aENG 102 $aBE 105 $a|||| ||||| 200 1 $aˆLa ‰spiritualité de l'univers byzantin dans le verbe et l'image$ehommages offerts à Edmond Voordeckers à l'occasion de son éméritat$fedites par Kristoffel Demoen et Jeannine Vereecken 210 $aSteenbrugis$cin Abbatia S. Petri ; Turnhout$cBrepols Publishers$d1997 215 $a392 p.$cill.$d25 cm. 316 $aFondo Lucentini$5IT-UONSI F.L.0355 410 1$1001UON00449939$12001 $aInstrumenta patristica$v30 606 $aSTUDI BIZANTINI$3UONC009249$2FI 620 $aBE$dTurnhout$3UONL001236 620 $aBE$dSteenbrugge$3UONL005227 676 $a949.5$cSTORIA DELL'IMPERO BIZANTINO. STORIA DELLA GRECIA$v21 676 $a949$cBIZANTINI$v21 700 1$aDEMOEN$bKristoffel$3UONV074896$0474724 701 1$aVEREECKEN$bJeannine$3UONV225391$0713679 712 $aAbbatia Sancti Petri$3UONV260639$4650 712 $aBrepols$3UONV247627$4650 801 $aIT$bSOL$c20250207$gRICA 899 $aSIBA - SISTEMA BIBLIOTECARIO DI ATENEO$2UONSI 912 $aUON00450035 950 $aSIBA - SISTEMA BIBLIOTECARIO DI ATENEO$dSI F.L. 0355 $eSI 12440 7 Fondo Lucentini$sBuono 996 $aSpiritualité de l'univers byzantin dans le verbe et l'image$91329609 997 $aUNIOR LEADER 02856oam 22006974a 450 001 9910524670903321 005 20210915033554.0 010 $a9782760522558 010 $a2760522555 035 $a(CKB)2440000000013794 035 $a(EBL)600067 035 $a(OCoLC)682540259 035 $a(SSID)ssj0000734599 035 $a(PQKBManifestationID)11423864 035 $a(PQKBTitleCode)TC0000734599 035 $a(PQKBWorkID)10723502 035 $a(PQKB)10805984 035 $a(CaBNvSL)thg00603942 035 $a(MiAaPQ)EBC3257546 035 $a(OCoLC)561221615 035 $a(MdBmJHUP)muse21070 035 $a(MiAaPQ)EBC600067 035 $a(Au-PeEL)EBL600067 035 $a(CaPaEBR)ebr11337397 035 $a(CaONFJC)MIL935537 035 $a(VaAlCD)20.500.12592/tnbg2f 035 $a(schport)gibson_crkn/2010-12-16/1/10225940 035 $a(PPN)187293236 035 $a(ScCtBLL)76f44f3f-7be6-4b4d-85a8-3720e3012319 035 $a(OCoLC)1138713058 035 $a(FR-PaCSA)88800963 035 $a(FRCYB88800963)88800963 035 $a(EXLCZ)992440000000013794 100 $a20780518d1977 uy 0 101 0 $afre 135 $aur|n|---||||| 181 $ctxt 182 $cc 183 $acr 200 14$aLes champions des femmes$eExamen du discours sur la supériorité des femmes 1400-1800 /$fpar Marc Angenot 205 $a1st ed. 210 1$aMontreal :$cPresses de l'Universite du Quebec,$d1977. 210 4$d©1977. 215 $a1 online resource (205 p.) 300 $aDescription based upon print version of record. 311 08$a9780777002124 311 08$a0777002124 320 $aBibliography: p. [173]-186. 327 $aLES CHAMPIONS DES FEMMES; Introduction; Partie 1_Historique; Chapitre 1_Jusqu'a? la fin du seizie?me sie?cle; Chapitre 2_Le dix-septie?me sie?cle; Chapitre 3_Le dix-huitie?me sie?cle; Partie 2_The?matique; Chapitre 4_The?matique; E?le?ments de conclusion; Bibliographie; Chronologie des principaux e?crits du corpus; Table des matie?res 330 $aUn expose? chronologique qui analyse les principaux e?crits tout en esquissant sommairement le cadre historique ou? ils ont apparus; une e?tude the?matique qui montrera la cohe?sion de la topique propre au genre et sa continuite? se?culaire; des conclusions qui proposeront certaines hypothe?ses d'ensemble sur les traits rhe?toriques, la fonction ide?ologique et l'e?le?ment libidinal des discours sur la supe?riorite? des femmes. 606 $aFeminism$zFrance$xHistory 608 $aElectronic books. 615 0$aFeminism$xHistory. 676 $a301.41/2/0944 700 $aAngenot$b Marc$0189045 801 0$bMdBmJHUP 801 1$bMdBmJHUP 906 $aBOOK 912 $a9910524670903321 996 $aLes champions des femmes$92605731 997 $aUNINA